00461nam a22001577a 450000500170000001000150001702000260003203500130005803700130007108200060008410000180009024500730010826000430018127000560022430000230028020100816151137.0 aENG-100673 a9789380707143c595.00 aEN-84206 bDBAD/PUB aS aRai, Shashwat aA codder' s cocktail ! :bwhat not to do in it... /cby Shashwat Rai aNew DelhibGlobal Vision Press c2010 a4855/24, Ansari Road, Darya GanjbNew Delhie110002 ax,226p.c22cm (Hb)